Przez jakie miasto przepływa dana rzeka (kliktest). - Statystyki

Ogólne statystyki
  • Ten quiz został rozwiązany 25 razy
  • Średni wynik to 9 z 15
Statystyki odpowiedzi
Hint Odpowiedź % Poprawnych
Odra Głogów
83%
San Jarosław
70%
Wieprz Krasnystaw
70%
Dunajec Nowy Sącz
70%
Pilica Tomaszów Mazowiecki
70%
Wisłoka Dębica
65%
Wisła Puławy
65%
Narew Pułtusk
61%
Bug Wyszków
61%
Ina Goleniów
52%
Bzura Łowicz
48%
Warta Śrem
43%
Noteć Czarnków
39%
Gwda Piła
35%
Nida Pińczów
35%
Nie znaleziono quizów pasujących do podanych kryteriów
Rozkład punktacji
Procent ludzi z każdym wynikiem
Percentyl według liczby udzielonych odpowiedzi
Twoja historia wyników
Nie rozwiązałeś tego quizu